[Event "PARDUBICE OPEN 2007"]
[Site "CEZ arena,  Pardubice  (CZE)"]
[Date "2007.07.20"]
[Round "1"]
[White "Wirig, Anthony"]
[Black "Kniest, Oliver"]
[Result "1-0"]
[WhiteElo "2487"]
[BlackElo "2274"]
[PlyCount "59"]
[EventDate "2007.07.20"]

1. d4 Nf6 2. Nf3 e6 3. c4 b6 4. g3 Ba6 5. Qc2 c5 6. d5 exd5 7. cxd5 Bb7 8. Bg2
Bxd5 9. Nc3 Bc6 10. e4 Be7 11. Bf4 Na6 12. Rd1 Nc7 13. O-O O-O 14. h3 Qc8 15.
Rfe1 Re8 16. Bxc7 Qxc7 17. e5 Nh5 18. Nd5 Bxd5 19. Rxd5 g6 20. Red1 Rad8 21.
Qa4 Qc6 22. Qxa7 Ra8 23. Qxd7 Qxd7 24. Rxd7 Rxa2 25. Nd2 Ng7 26. Bd5 Rxb2 27.
Nc4 Rc2 28. Nd6 Bxd6 29. Bxf7+ Kf8 30. exd6 1-0

[Event "PARDUBICE OPEN 2007"]
[Site "CEZ arena,  Pardubice  (CZE)"]
[Date "2007.07.20"]
[Round "1"]
[White "Panchanathan, Magesh"]
[Black "Panocki, Adrian"]
[Result "1-0"]
[WhiteElo "2486"]
[BlackElo "2273"]
[PlyCount "109"]
[EventDate "2007.07.20"]

1. e4 d6 2. d4 Nf6 3. Nc3 g6 4. Be3 c6 5. a4 Nbd7 6. Nf3 Bg7 7. a5 O-O 8. h3
Rb8 9. Bc4 Nxe4 10. Nxe4 d5 11. Bd3 dxe4 12. Bxe4 e5 13. O-O Nf6 14. Bg5 exd4
15. Nxd4 c5 16. Bxf6 Qxf6 17. Nb5 Qxb2 18. Rb1 Qa2 19. Nxa7 Be6 20. Bxb7 Bc4
21. Nc6 Bxf1 22. Qxf1 Rbe8 23. a6 Qxc2 24. Rc1 Qf5 25. a7 Bd4 26. a8=Q Qxf2+
27. Qxf2 Bxf2+ 28. Kxf2 Rxa8 29. Bxa8 Rxa8 30. Rxc5 h5 31. Ne5 Ra7 32. Rd5 Re7
33. Kf3 Kg7 34. h4 Re6 35. g3 Rf6+ 36. Ke4 Rf1 37. Rd3 Re1+ 38. Kd5 Rg1 39. Rf3
f6 40. Nd7 Rd1+ 41. Ke6 Re1+ 42. Kd6 Rd1+ 43. Ke7 Re1+ 44. Kd8 Rd1 45. Re3 g5
46. Ke7 Rf1 47. Re6 gxh4 48. gxh4 Rf4 49. Nxf6 Rxh4 50. Ne8+ Kh7 51. Kf7 Rf4+
52. Nf6+ Kh6 53. Re5 Rh4 54. Ng8+ Kh7 55. Rg5 1-0

[Event "PARDUBICE OPEN 2007"]
[Site "CEZ arena,  Pardubice  (CZE)"]
[Date "2007.07.20"]
[Round "1"]
[White "Vymazal, Bronislav"]
[Black "Vasjukov, Evgeni"]
[Result "0-1"]
[WhiteElo "2273"]
[BlackElo "2486"]
[PlyCount "100"]
[EventDate "2007.07.20"]

1. e4 c5 2. Nf3 Nc6 3. Bb5 Na5 4. c3 a6 5. Ba4 b5 6. Bc2 Bb7 7. O-O Nf6 8. Re1
Rc8 9. d3 g6 10. Bg5 Bg7 11. Nbd2 d6 12. d4 cxd4 13. cxd4 Nd7 14. e5 dxe5 15.
dxe5 Nb6 16. Rc1 O-O 17. Qe2 Bd5 18. b3 Nc6 19. Bb1 Nd7 20. Bf4 Qb6 21. Rcd1 e6
22. h4 Rfd8 23. h5 Nd4 24. Nxd4 Qxd4 25. Ne4 Qb4 26. Bg5 Bxe5 27. Bxd8 Rxd8 28.
g3 Kg7 29. Qe3 Kg8 30. Qh6 Bg7 31. Qg5 Qf8 32. Qd2 Ne5 33. Qe2 Qe7 34. f4 Nc6
35. Nd2 Bc3 36. Rf1 Nd4 37. Qd3 f5 38. Kh2 Bb2 39. Rf2 Qg7 40. Kg1 gxh5 41. Nf1
Rd7 42. Kh2 Rc7 43. Ne3 Be4 44. Qf1 Bb7 45. Kh3 Bc3 46. Rc1 Qg6 47. Bd3 Rg7 48.
Qg1 b4 49. Be2 Bd2 50. Bf3 Bxc1 0-1

[Event "PARDUBICE OPEN 2007"]
[Site "CEZ arena,  Pardubice  (CZE)"]
[Date "2007.07.20"]
[Round "1"]
[White "Hoffmeyer, Falk"]
[Black "Totsky, Leonid"]
[Result "0-1"]
[WhiteElo "2271"]
[BlackElo "2484"]
[PlyCount "110"]
[EventDate "2007.07.20"]

1. d4 e6 2. Nf3 c5 3. e3 Nf6 4. Bd3 b6 5. O-O Be7 6. Nbd2 Bb7 7. c3 d6 8. e4
Nbd7 9. Re1 O-O 10. a3 Qc7 11. Nf1 Rfe8 12. Bg5 h6 13. Bd2 c4 14. Bc2 e5 15.
Ng3 Bf8 16. h3 g6 17. h4 h5 18. Ng5 Bg7 19. Qf3 Re7 20. Nf1 Ng4 21. d5 a6 22.
Ne3 Ndf6 23. Qe2 Nxe3 24. Bxe3 Ng4 25. Bd2 Qc5 26. Rf1 Bc8 27. Kh1 f6 28. Nh3
Bh6 29. Be1 Bd7 30. Rg1 Kh7 31. Bb1 Bg7 32. f3 Nh6 33. Nf2 Nf7 34. Nd1 Bh6 35.
Bf2 Qc7 36. Ne3 Rc8 37. Bc2 Kg7 38. g4 hxg4 39. fxg4 Bf4 40. Ng2 g5 41. Ne3 Nh6
42. hxg5 fxg5 43. Nf5+ Bxf5 44. gxf5 Rh8 45. Kg2 Ng8 46. Rh1 Nf6 47. Be3 Kg8
48. Rxh8+ Kxh8 49. Rh1+ Rh7 50. Rxh7+ Kxh7 51. Qf3 b5 52. Qh3+ Kg7 53. Qf3 Qd8
54. Bf2 Qh8 55. Bg3 g4 0-1

[Event "PARDUBICE OPEN 2007"]
[Site "CEZ arena,  Pardubice  (CZE)"]
[Date "2007.07.20"]
[Round "1"]
[White "Hoffmann, Michael"]
[Black "Smith, Axel"]
[Result "1/2-1/2"]
[WhiteElo "2481"]
[BlackElo "2271"]
[PlyCount "41"]
[EventDate "2007.07.20"]

1. e4 c5 2. Nf3 Nc6 3. d4 cxd4 4. Nxd4 Nf6 5. Nc3 e5 6. Ndb5 d6 7. Bg5 a6 8.
Na3 b5 9. Bxf6 gxf6 10. Nd5 f5 11. Bd3 Be6 12. O-O Bxd5 13. exd5 Ne7 14. Re1
Bg7 15. c3 O-O 16. Qh5 e4 17. Bf1 Re8 18. Rad1 Rc8 19. g3 Rc5 20. Bh3 Nxd5 21.
Bxf5 1/2-1/2

[Event "PARDUBICE OPEN 2007"]
[Site "CEZ arena,  Pardubice  (CZE)"]
[Date "2007.07.20"]
[Round "1"]
[White "Vanek, Tomas"]
[Black "Simacek, Pavel"]
[Result "0-1"]
[WhiteElo "2271"]
[BlackElo "2481"]
[PlyCount "80"]
[EventDate "2007.07.20"]

1. f4 d5 2. Nf3 g6 3. g3 Bg7 4. Bg2 c5 5. O-O Nc6 6. d3 Nh6 7. Nc3 O-O 8. h3 f5
9. Qe1 d4 10. Nd1 Nb4 11. Qd2 Nf7 12. c3 Nd5 13. e4 dxc3 14. bxc3 Nb4 15. Nb2
Nxd3 16. e5 Nxc1 17. Raxc1 Be6 18. c4 Qxd2 19. Nxd2 Rad8 20. Rfd1 b6 21. Nf1 g5
22. Bd5 Bc8 23. Ne3 e6 24. Bf3 Bh6 25. Ng2 Ba6 26. Rc3 Rxd1+ 27. Nxd1 gxf4 28.
gxf4 Rd8 29. Nde3 Rd4 30. Ra3 Bxc4 31. Rxa7 Bxf4 32. Nc2 Bxe5 33. Nxd4 Bxd4+
34. Kh2 Be5+ 35. Kh1 Ng5 36. Ne3 Bd3 37. Bg2 c4 38. Nd1 Ne4 39. Re7 Nc5 40. Nf2
Be2 0-1

[Event "PARDUBICE OPEN 2007"]
[Site "CEZ arena,  Pardubice  (CZE)"]
[Date "2007.07.20"]
[Round "1"]
[White "Potapov, Alexander"]
[Black "Vrana, Jan"]
[Result "1/2-1/2"]
[WhiteElo "2480"]
[BlackElo "2271"]
[PlyCount "64"]
[EventDate "2007.07.20"]

1. d4 d5 2. c4 e6 3. Nc3 Nf6 4. Bg5 Be7 5. e3 O-O 6. Nf3 h6 7. Bh4 b6 8. Qc2
Bb7 9. Bxf6 Bxf6 10. cxd5 exd5 11. h4 c5 12. O-O-O cxd4 13. exd4 Qd6 14. Kb1
Ba6 15. g4 Bxf1 16. Rdxf1 Nc6 17. Rd1 g6 18. g5 hxg5 19. h5 Kg7 20. hxg6 fxg6
21. Ne5 Nxe5 22. dxe5 Qxe5 23. Rxd5 Qe6 24. f4 Rad8 25. f5 Qc6 26. fxg6 Bxc3
27. Rh7+ Kg8 28. Rxd8 Rxd8 29. bxc3 Qb5+ 30. Kc1 Qf1+ 31. Kb2 Qb5+ 32. Kc1 Qf1+
1/2-1/2

[Event "PARDUBICE OPEN 2007"]
[Site "CEZ arena,  Pardubice  (CZE)"]
[Date "2007.07.20"]
[Round "1"]
[White "Polschikov, Alexey"]
[Black "Akesson, Ralf"]
[Result "1/2-1/2"]
[WhiteElo "2270"]
[BlackElo "2477"]
[PlyCount "56"]
[EventDate "2007.07.20"]

1. e4 c5 2. Nf3 e6 3. d4 cxd4 4. Nxd4 a6 5. Bd3 Nf6 6. O-O d6 7. Qe2 b6 8. c4
Bb7 9. b3 Nbd7 10. Nc3 g6 11. Bc2 Rc8 12. Bb2 Bg7 13. Ba3 Nc5 14. Rad1 O-O 15.
e5 Nh5 16. f4 Qh4 17. Qe3 Qg4 18. Qe2 Qh4 19. Qe3 Bh6 20. Bc1 dxe5 21. Qxe5
Rcd8 22. b4 Nd7 23. Qc7 Bxg2 24. Kxg2 Qg4+ 25. Kh1 Ng3+ 26. hxg3 Qh3+ 27. Kg1
Qxg3+ 28. Kh1 Qh3+ 1/2-1/2

[Event "PARDUBICE OPEN 2007"]
[Site "CEZ arena,  Pardubice  (CZE)"]
[Date "2007.07.20"]
[Round "1"]
[White "Feller, Sebastian"]
[Black "Vavra, Pavel"]
[Result "1-0"]
[WhiteElo "2476"]
[BlackElo "2268"]
[PlyCount "116"]
[EventDate "2007.07.20"]

1. d4 d5 2. Nf3 c6 3. c4 dxc4 4. a4 e6 5. e3 b5 6. axb5 cxb5 7. b3 Bb4+ 8. Bd2
Bxd2+ 9. Nbxd2 a5 10. bxc4 b4 11. c5 Nf6 12. Bb5+ Bd7 13. Qa4 O-O 14. e4 Qc7
15. O-O Bc6 16. Rfe1 Rd8 17. Ne5 Rxd4 18. Bxc6 Nxc6 19. Ndf3 Nxe5 20. Nxd4 Nfg4
21. Red1 Nxf2 22. Kxf2 Ng4+ 23. Kf3 Nxh2+ 24. Ke2 Qg3 25. Rd3 Qxg2+ 26. Kd1 Ng4
27. Kc1 h5 28. Qc2 Qxe4 29. Kb2 a4 30. Rc1 b3 31. Nxb3 Qb4 32. Rcd1 g6 33. Rd8+
Rxd8 34. Rxd8+ Kh7 35. Rd4 Qb8 36. Rxa4 Ne3 37. Qe2 Nd5 38. c6 Qc7 39. Qf2 Qxc6
40. Qxf7+ Kh6 41. Qf8+ Kg5 42. Qd8+ Kh6 43. Qh8+ Kg5 44. Qe5+ Kh6 45. Re4 Nf6
46. Re2 Ng4 47. Qf4+ g5 48. Qf7 e5 49. Rc2 Qf6 50. Qb7 e4+ 51. Ka2 Ne5 52. Qxe4
h4 53. Nd4 Kh5 54. Qe2+ Ng4 55. Qe8+ Qg6 56. Qc8 h3 57. Nf5 h2 58. Qh8+ Nh6 1-0

[Event "PARDUBICE OPEN 2007"]
[Site "CEZ arena,  Pardubice  (CZE)"]
[Date "2007.07.20"]
[Round "1"]
[White "Arslanov, Shamil"]
[Black "Zilberman, Yaacov"]
[Result "0-1"]
[WhiteElo "2266"]
[BlackElo "2473"]
[PlyCount "120"]
[EventDate "2007.07.20"]

1. e4 Nf6 2. e5 Nd5 3. d4 d6 4. Bc4 c6 5. Nf3 Bg4 6. h3 Bxf3 7. Qxf3 dxe5 8.
dxe5 e6 9. O-O Nd7 10. Re1 Qc7 11. Nc3 Nxe5 12. Rxe5 Qxe5 13. Nxd5 exd5 14. Bd2
O-O-O 15. Re1 Qc7 16. Qf5+ Qd7 17. Bd3 Qxf5 18. Bxf5+ Kb8 19. Bg5 f6 20. Bf4+
Bd6 21. Bxd6+ Rxd6 22. Re7 g6 23. Bd3 Kc8 24. Rf7 f5 25. g4 fxg4 26. hxg4 Rd7
27. Rf6 Kd8 28. g5 Ke7 29. Rf4 Rf8 30. Rh4 Kd6 31. Kg2 Rdf7 32. f3 a5 33. b3 b5
34. a3 Kc5 35. b4+ axb4 36. axb4+ Kd6 37. Rh1 Ke5 38. Rh4 Ke6 39. Rh3 Kd6 40.
Rh1 c5 41. bxc5+ Kxc5 42. Be2 Re8 43. Kf2 Re5 44. Rg1 b4 45. Bd3 Rf4 46. Rh1
Re7 47. Be2 Rf5 48. Ra1 Rxg5 49. Ra5+ Kd4 50. Rb5 Rg2+ 51. Kxg2 Rxe2+ 52. Kf1
Kc4 53. Rxb4+ Kxb4 54. Kxe2 Kc3 55. Ke3 g5 56. f4 gxf4+ 57. Kxf4 d4 58. Ke4 h5
59. Kd5 h4 60. Ke4 h3 0-1

[Event "PARDUBICE OPEN 2007"]
[Site "CEZ arena,  Pardubice  (CZE)"]
[Date "2007.07.20"]
[Round "1"]
[White "Boskovic, Drasko"]
[Black "Jedlicka, Ales"]
[Result "1-0"]
[WhiteElo "2473"]
[BlackElo "2265"]
[PlyCount "73"]
[EventDate "2007.07.20"]

1. e4 c5 2. Nf3 d6 3. Bc4 Nf6 4. d3 Nc6 5. c3 Bg4 6. Nbd2 e6 7. h3 Bh5 8. Bb3
Be7 9. O-O O-O 10. Re1 Rc8 11. Bc2 Qc7 12. Nf1 d5 13. g4 dxe4 14. dxe4 Bg6 15.
e5 Nd5 16. Ng3 Rcd8 17. Qe2 b5 18. h4 c4 19. h5 Bxc2 20. Qxc2 f6 21. exf6 Nxf6
22. Rxe6 Rd3 23. Nf5 Bc5 24. Qe2 Nxg4 25. Qe4 Rxf5 26. Re8+ Rf8 27. Rxf8+ Bxf8
28. Qxg4 Qf7 29. Be3 h6 30. a4 a6 31. axb5 axb5 32. Ra8 Qd5 33. Re8 Ne7 34. Nd4
Qf7 35. Rb8 Nd5 36. Ne6 Nf6 37. Nxf8 1-0

[Event "PARDUBICE OPEN 2007"]
[Site "CEZ arena,  Pardubice  (CZE)"]
[Date "2007.07.20"]
[Round "1"]
[White "Adla, Diego"]
[Black "Kuba, Jindrich"]
[Result "1-0"]
[WhiteElo "2472"]
[BlackElo "2263"]
[PlyCount "67"]
[EventDate "2007.07.20"]

1. c4 Nf6 2. Nc3 d5 3. cxd5 Nxd5 4. g3 e5 5. Bg2 Nxc3 6. bxc3 Bc5 7. Ba3 Qd6 8.
Bxc5 Qxc5 9. Nf3 Nc6 10. O-O O-O 11. d4 Qc4 12. d5 Ne7 13. Nxe5 Qxc3 14. Nd3
Bg4 15. h3 Bf5 16. e4 Bg6 17. Rc1 Qa5 18. Nc5 Qxa2 19. Nxb7 Rac8 20. Qd4 Rfe8
21. Ra1 Qe2 22. Rxa7 Kh8 23. Raa1 f6 24. Rfe1 Qh5 25. Rac1 Bf7 26. Qd1 Qe5 27.
Qd2 Bg8 28. f4 Qh5 29. Rc5 f5 30. e5 Qg6 31. Qf2 Qa6 32. d6 cxd6 33. exd6 Rxc5
34. Qxc5 1-0

[Event "PARDUBICE OPEN 2007"]
[Site "CEZ arena,  Pardubice  (CZE)"]
[Date "2007.07.20"]
[Round "1"]
[White "Lubbe, Nikolas"]
[Black "Safarli, Eltaj"]
[Result "0-1"]
[WhiteElo "2263"]
[BlackElo "2471"]
[PlyCount "78"]
[EventDate "2007.07.20"]

1. e4 c5 2. Nf3 d6 3. d4 cxd4 4. Nxd4 Nf6 5. Nc3 a6 6. Be3 e5 7. Nf3 Be7 8. Bc4
O-O 9. O-O Nc6 10. a4 Be6 11. Bd5 Rc8 12. Qe2 Bxd5 13. exd5 Na5 14. Nd2 Qc7 15.
Rfd1 Nd7 16. Ra3 f5 17. f3 Nb6 18. Kh1 Bf6 19. h3 Rf7 20. g4 Nbc4 21. Nxc4 Nxc4
22. Rb3 Nxb2 23. Rb1 Nc4 24. gxf5 Qd7 25. Ne4 Qxf5 26. Rxb7 Qxh3+ 27. Kg1 Be7
28. Rb8 Nxe3 29. Qxe3 Rxb8 30. Rxb8+ Bf8 31. Rb3 Rf4 32. Qe2 Qh6 33. Qg2 Rh4
34. Qg5 Rh1+ 35. Kf2 Qh3 36. Ke3 Qc8 37. Rc3 Qb7 38. Rb3 Qa7+ 39. Ke2 Qd4 0-1

[Event "PARDUBICE OPEN 2007"]
[Site "CEZ arena,  Pardubice  (CZE)"]
[Date "2007.07.20"]
[Round "1"]
[White "Haub, Thorsten-Michael"]
[Black "Laubsch, Bernd"]
[Result "1-0"]
[WhiteElo "2466"]
[BlackElo "2260"]
[PlyCount "75"]
[EventDate "2007.07.20"]

1. Nf3 Nf6 2. g3 g6 3. Bg2 Bg7 4. d3 d5 5. Nbd2 O-O 6. e4 dxe4 7. dxe4 Nc6 8.
O-O h6 9. Ne1 Bg4 10. f3 Be6 11. Nd3 Qd4+ 12. Kh1 Rfd8 13. Nb3 Bxb3 14. axb3
Ne5 15. Nf2 Qxd1 16. Nxd1 Nc6 17. Ne3 Nd4 18. Rf2 e5 19. Bd2 c6 20. Ba5 b6 21.
Be1 Ne8 22. f4 h5 23. b4 Nd6 24. Bc3 N6b5 25. Bxd4 Nxd4 26. Nc4 f6 27. Bh3 exf4
28. gxf4 Nb5 29. e5 Kf7 30. c3 Nc7 31. Nd6+ Ke7 32. Rg1 fxe5 33. Rxg6 Bh8 34.
fxe5 Rf8 35. Nf5+ Ke8 36. Rxc6 Bxe5 37. Re2 Kd7 38. Nd4+ 1-0

[Event "PARDUBICE OPEN 2007"]
[Site "CEZ arena,  Pardubice  (CZE)"]
[Date "2007.07.20"]
[Round "1"]
[White "Stanetzek, Carsten"]
[Black "Voloshin, Leonid"]
[Result "0-1"]
[WhiteElo "2260"]
[BlackElo "2462"]
[PlyCount "64"]
[EventDate "2007.07.20"]

1. e4 d6 2. d4 Nf6 3. Bd3 e5 4. c3 g6 5. Nf3 Nbd7 6. O-O Bg7 7. Re1 O-O 8. a4
a5 9. Na3 Re8 10. h3 b6 11. Qc2 Bb7 12. d5 c6 13. dxc6 Bxc6 14. Bb5 Qc7 15. Bg5
d5 16. exd5 Nxd5 17. Rad1 h6 18. Bxc6 Qxc6 19. Qe4 hxg5 20. Qxd5 Qxd5 21. Rxd5
Nc5 22. Nxg5 Nxa4 23. Nc4 Rec8 24. b3 Nxc3 25. Rd7 b5 26. Nb6 Rd8 27. Rxf7 Rab8
28. Rxg7+ Kxg7 29. Ne6+ Kf6 30. Nxd8 Rxb6 31. Re3 b4 32. f4 e4 0-1

[Event "PARDUBICE OPEN 2007"]
[Site "CEZ arena,  Pardubice  (CZE)"]
[Date "2007.07.20"]
[Round "1"]
[White "Podolchenko, Evgeniy"]
[Black "Garcia, Romero Benjamin"]
[Result "1-0"]
[WhiteElo "2458"]
[BlackElo "2258"]
[PlyCount "71"]
[EventDate "2007.07.20"]

1. d4 e6 2. c4 c5 3. d5 exd5 4. cxd5 d6 5. Nc3 g6 6. e4 Bg7 7. Bd3 a6 8. a4 Ne7
9. Nf3 O-O 10. O-O Bg4 11. h3 Bxf3 12. Qxf3 Nd7 13. Qe2 Qc7 14. Bg5 f6 15. Bh4
Rae8 16. Qd2 Ne5 17. f4 Nxd3 18. Qxd3 f5 19. e5 c4 20. Qd1 Qb6+ 21. Bf2 Qxb2
22. Bd4 Qb4 23. Rb1 Qa5 24. Bb6 Qxc3 25. Rf3 Qxf3 26. gxf3 dxe5 27. d6 Nc6 28.
Qd5+ Kh8 29. d7 Ra8 30. Bc5 Rfd8 31. Rxb7 Na5 32. Rb1 exf4 33. Be7 Nb3 34. Bxd8
Rxd8 35. Qxc4 Nd2 36. Qc8 1-0

[Event "PARDUBICE OPEN 2007"]
[Site "CEZ arena,  Pardubice  (CZE)"]
[Date "2007.07.20"]
[Round "1"]
[White "Folk, Petr"]
[Black "Manik, Mikulas"]
[Result "0-1"]
[WhiteElo "2257"]
[BlackElo "2457"]
[PlyCount "70"]
[EventDate "2007.07.20"]

1. e4 c5 2. Nf3 Nc6 3. d4 cxd4 4. Nxd4 Nf6 5. Nc3 d6 6. Bc4 Qb6 7. Nb3 e6 8.
O-O Be7 9. Kh1 Qc7 10. f4 a6 11. Bd3 b5 12. Qf3 Bb7 13. Bd2 O-O 14. Qh3 Rfe8
15. Rae1 g6 16. a3 Bf8 17. e5 dxe5 18. fxe5 Nh5 19. Be2 Bg7 20. Nc5 Nxe5 21.
Nxb7 Qxb7 22. Bxh5 gxh5 23. Ne4 Nc4 24. Bc3 f5 25. Nf6+ Bxf6 26. Bxf6 Qf7 27.
Bc3 h6 28. Rf4 Kh7 29. Rh4 Rg8 30. Rxh5 Qg6 31. Qf3 Nd6 32. Rd1 Rad8 33. Ba5
Rd7 34. Rh3 f4 35. Qc6 Rf7 0-1

[Event "PARDUBICE OPEN 2007"]
[Site "CEZ arena,  Pardubice  (CZE)"]
[Date "2007.07.20"]
[Round "1"]
[White "Sidorenko, Ilya"]
[Black "Petr, Martin"]
[Result "0-1"]
[WhiteElo "2256"]
[BlackElo "2453"]
[PlyCount "64"]
[EventDate "2007.07.20"]

1. e4 e6 2. d4 d5 3. Nd2 Nf6 4. e5 Nfd7 5. c3 c5 6. Bd3 Nc6 7. Ngf3 Be7 8. O-O
g5 9. dxc5 Ndxe5 10. Nxe5 Nxe5 11. Nb3 Nxd3 12. Qxd3 e5 13. Qg3 f6 14. Re1 Bf5
15. Bxg5 Rg8 16. h4 Qd7 17. Rxe5 fxe5 18. Qxe5 Qe6 19. Re1 Bxg5 20. Nd4 Qxe5
21. Rxe5+ Kf7 22. Nxf5 Kf6 23. Rxd5 Ke6 24. c4 Bf6 25. b4 Rad8 26. Nd6 Be5 27.
f4 Bxf4 28. Rh5 Bxd6 29. cxd6 Rxd6 30. Rxh7 Rd2 31. Rxb7 Rgxg2+ 32. Kf1 Rdf2+
0-1

[Event "PARDUBICE OPEN 2007"]
[Site "CEZ arena,  Pardubice  (CZE)"]
[Date "2007.07.20"]
[Round "1"]
[White "Markgraf, Alexander"]
[Black "Parligras, Cosmin"]
[Result "1/2-1/2"]
[WhiteElo "2452"]
[BlackElo "2255"]
[PlyCount "58"]
[EventDate "2007.07.20"]

1. e4 c5 2. Nf3 d6 3. d4 cxd4 4. Nxd4 Nf6 5. Nc3 Nc6 6. Be3 e5 7. Nf3 Be7 8.
Bc4 O-O 9. O-O Na5 10. Bb3 Bg4 11. h3 Bh5 12. Bg5 Nxb3 13. axb3 Nd7 14. Be3 Nf6
15. Qe2 a6 16. Rfd1 Rc8 17. Bg5 Nd7 18. Bc1 Nf6 19. g4 Nxg4 20. hxg4 Bxg4 21.
Nd5 f5 22. exf5 Qe8 23. Ra4 Bxf5 24. Rc4 Bd8 25. Ne3 Qg6+ 26. Kf1 Rxc4 27.
Qxc4+ Be6 28. Qe2 Bb6 29. Ng1 d5 1/2-1/2

[Event "PARDUBICE OPEN 2007"]
[Site "CEZ arena,  Pardubice  (CZE)"]
[Date "2007.07.20"]
[Round "1"]
[White "Kuznetsov, Viktor"]
[Black "Soukup, Jiri"]
[Result "1-0"]
[WhiteElo "2448"]
[BlackElo "2253"]
[PlyCount "101"]
[EventDate "2007.07.20"]

1. e4 e5 2. Nf3 Nc6 3. Bb5 Bc5 4. O-O Nd4 5. Nxd4 Bxd4 6. c3 Bb6 7. d4 c6 8.
Ba4 d6 9. Kh1 Nf6 10. Bc2 Bg4 11. f3 Bh5 12. Na3 Qe7 13. Nc4 Bc7 14. Bg5 h6 15.
Bh4 g5 16. Bg3 Bg6 17. Ne3 Nh5 18. Bf2 Nf4 19. d5 O-O 20. dxc6 bxc6 21. Ba4 c5
22. Qd2 Rab8 23. g3 Ne6 24. Rad1 Qd8 25. h3 Qc8 26. Kg2 f5 27. exf5 Bxf5 28.
Nxf5 Rxf5 29. Bc6 Kg7 30. Rh1 Qf8 31. b3 Qe7 32. Be4 Rf6 33. h4 Rg8 34. hxg5
Nxg5 35. Bd5 Rh8 36. Rh4 Rg6 37. Rdh1 Bd8 38. Be3 Qf6 39. b4 Rf8 40. bxc5 dxc5
41. Bxc5 Be7 42. Be3 Qd6 43. c4 Rd8 44. Qe2 a5 45. f4 exf4 46. Bxf4 Qc5 47.
Be5+ Bf6 48. Bxf6+ Rxf6 49. Rxh6 Re8 50. Qb2 Re5 51. Rxf6 1-0

[Event "PARDUBICE OPEN 2007"]
[Site "CEZ arena,  Pardubice  (CZE)"]
[Date "2007.07.20"]
[Round "1"]
[White "Biolek-Jun., Richard"]
[Black "Blatny, Pavel"]
[Result "1-0"]
[WhiteElo "2250"]
[BlackElo "2447"]
[PlyCount "27"]
[EventDate "2007.07.20"]

1. e4 b6 2. d4 Bb7 3. Nc3 e6 4. f4 Bb4 5. Bd3 f5 6. Qe2 fxe4 7. Bxe4 Bxe4 8.
Qxe4 Nc6 9. Nf3 Nf6 10. Qd3 O-O 11. O-O Bxc3 12. bxc3 d6 13. f5 exf5 14. Qc4+
1-0

[Event "PARDUBICE OPEN 2007"]
[Site "CEZ arena,  Pardubice  (CZE)"]
[Date "2007.07.20"]
[Round "1"]
[White "Morozov, Grigoriy"]
[Black "Antal, Gergely"]
[Result "0-1"]
[WhiteElo "2249"]
[BlackElo "2447"]
[PlyCount "54"]
[EventDate "2007.07.20"]

1. d4 Nf6 2. c4 g6 3. Nc3 d5 4. Bf4 Bg7 5. e3 c6 6. Nf3 O-O 7. h3 Qb6 8. a3 Ne4
9. Na4 Qd8 10. Bd3 Bf5 11. g4 Be6 12. Bxe4 dxe4 13. Nd2 Nd7 14. Nc3 f5 15. gxf5
Bxf5 16. Ndxe4 e5 17. Bg5 Qb6 18. d5 Kh8 19. Qe2 Qb3 20. Rd1 cxd5 21. cxd5 Rac8
22. Nd6 e4 23. Ncxe4 Rc2 24. Rd2 Rxd2 25. Qxd2 Bxe4 26. Nxe4 Ne5 27. Qe2 Qxd5
0-1

[Event "PARDUBICE OPEN 2007"]
[Site "CEZ arena,  Pardubice  (CZE)"]
[Date "2007.07.20"]
[Round "1"]
[White "Klovans, Janis"]
[Black "Brokken, Dennis"]
[Result "1/2-1/2"]
[WhiteElo "2446"]
[BlackElo "2248"]
[PlyCount "67"]
[EventDate "2007.07.20"]

1. e4 c6 2. d4 d5 3. Nc3 dxe4 4. Nxe4 Bf5 5. Ng3 Bg6 6. h4 h6 7. Nf3 Nf6 8. h5
Bh7 9. Bd3 Bxd3 10. Qxd3 e6 11. Bd2 Be7 12. O-O-O O-O 13. Kb1 c5 14. Ne4 cxd4
15. Nxf6+ Bxf6 16. g4 Na6 17. Qb5 Qb6 18. Qxb6 axb6 19. Rhe1 Rfd8 20. Bf4 Rd5
21. Be5 Rad8 22. Re4 Bxe5 23. Nxe5 Nc5 24. Ree1 f6 25. Ng6 Kf7 26. f3 b5 27.
Rd2 e5 28. Nh4 Ne6 29. Rd3 Rc8 30. Nf5 Rc6 31. Rb3 Rdc5 32. Re2 Nf4 33. Rd2 Nd5
34. a3 1/2-1/2

[Event "PARDUBICE OPEN 2007"]
[Site "CEZ arena,  Pardubice  (CZE)"]
[Date "2007.07.20"]
[Round "1"]
[White "Bujak, Michal"]
[Black "Kim, Alexey"]
[Result "1/2-1/2"]
[WhiteElo "2247"]
[BlackElo "2445"]
[PlyCount "45"]
[EventDate "2007.07.20"]

1. e4 c5 2. Nf3 e6 3. d4 cxd4 4. Nxd4 Nc6 5. Nxc6 bxc6 6. c4 Nf6 7. Bd3 d5 8.
cxd5 cxd5 9. Nc3 dxe4 10. Bb5+ Bd7 11. Bxd7+ Qxd7 12. Qxd7+ Nxd7 13. Nxe4 Nc5
14. Nxc5 Bxc5 15. Ke2 Ke7 16. Bg5+ f6 17. Be3 Bxe3 18. Kxe3 Rhb8 19. Rac1 Rxb2
20. Rc7+ Kf8 21. Rd1 Rxa2 22. Rdd7 Rb8 23. Rf7+ 1/2-1/2

[Event "PARDUBICE OPEN 2007"]
[Site "CEZ arena,  Pardubice  (CZE)"]
[Date "2007.07.20"]
[Round "1"]
[White "Vokac, Marek"]
[Black "Korinek, Ondrej"]
[Result "1-0"]
[WhiteElo "2443"]
[BlackElo "2247"]
[PlyCount "99"]
[EventDate "2007.07.20"]

1. Nf3 Nf6 2. c4 c5 3. Nc3 Nc6 4. g3 g6 5. Bg2 Bg7 6. O-O O-O 7. d4 cxd4 8.
Nxd4 Nxd4 9. Qxd4 d6 10. Qd3 Bf5 11. e4 Be6 12. b3 Nd7 13. Bb2 Rb8 14. Qe2 a6
15. f4 f6 16. Kh1 Re8 17. Nd5 b5 18. cxb5 axb5 19. Rac1 Bxd5 20. exd5 f5 21.
Bxg7 Kxg7 22. g4 fxg4 23. Qxg4 Nf6 24. Qg3 Kh8 25. Bh3 Nxd5 26. Be6 Nf6 27. f5
Kg7 28. Rc2 Qb6 29. Rf4 Qb7+ 30. Rg2 Rbc8 31. Bxc8 Rxc8 32. Rf1 Rc5 33. fxg6 h6
34. a3 b4 35. axb4 Qxb4 36. Qe1 Qxe1 37. Rxe1 e5 38. b4 Rb5 39. Ra1 Nh5 40.
Ra7+ Kf6 41. g7 Nxg7 42. Raxg7 e4 43. R2g6+ Kf5 44. Rxh6 Rxb4 45. Rxd6 Kf4 46.
Rd1 Ke3 47. Rg2 Kf3 48. Re1 Rb5 49. Kg1 Re5 50. Rg3+ 1-0

[Event "PARDUBICE OPEN 2007"]
[Site "CEZ arena,  Pardubice  (CZE)"]
[Date "2007.07.20"]
[Round "1"]
[White "Petr, Jan"]
[Black "Pokazanjev, Nikolai"]
[Result "1-0"]
[WhiteElo "2247"]
[BlackElo "2443"]
[PlyCount "75"]
[EventDate "2007.07.20"]

1. Nf3 Nf6 2. c4 c5 3. Nc3 Nc6 4. g3 d5 5. cxd5 Nxd5 6. Bg2 Nc7 7. d3 e5 8. Be3
Be7 9. Rc1 O-O 10. O-O Rb8 11. a3 Bd7 12. Nd2 Nd4 13. Nc4 f6 14. f4 b5 15. Nd2
Kh8 16. Nce4 Nd5 17. Bf2 Nf5 18. Nxc5 Nde3 19. Qe1 Bxc5 20. Rxc5 Nxf1 21. Nxf1
exf4 22. gxf4 Ne7 23. b4 Rc8 24. Ng3 Ng6 25. Qd2 a6 26. Ne4 Bc6 27. Qc1 f5 28.
Ng5 Qe7 29. Bxc6 h6 30. Nf3 Qxe2 31. Ne5 Rf6 32. Bf3 Rxc5 33. bxc5 Qa2 34. c6
Nxe5 35. fxe5 Rg6+ 36. Kf1 Qb3 37. c7 Qxd3+ 38. Be2 1-0

[Event "PARDUBICE OPEN 2007"]
[Site "CEZ arena,  Pardubice  (CZE)"]
[Date "2007.07.20"]
[Round "1"]
[White "Mikhalevski, Alexander"]
[Black "Sirotkina, Nina"]
[Result "1/2-1/2"]
[WhiteElo "2441"]
[BlackElo "2246"]
[PlyCount "61"]
[EventDate "2007.07.20"]

1. d4 Nf6 2. c4 e6 3. Nf3 Bb4+ 4. Nbd2 O-O 5. a3 Bxd2+ 6. Qxd2 b6 7. g3 Bb7 8.
Bg2 d6 9. O-O Nbd7 10. b3 Qe7 11. Bb2 a5 12. Rfe1 Ne4 13. Qc2 f5 14. Rad1 Ndf6
15. Ng5 Ng4 16. Nxe4 Bxe4 17. Qd2 Bxg2 18. Kxg2 f4 19. h3 Nh6 20. Bc1 fxg3 21.
fxg3 Rf7 22. Qg5 Qd7 23. Qh5 Rf5 24. Qh4 Rf6 25. e4 Raf8 26. Rf1 a4 27. b4 Qc6
28. Bxh6 Rxf1 29. Rxf1 Rxf1 30. Kxf1 Qxc4+ 31. Ke1 1/2-1/2